000
00323nam a2200121Ia 4500
003
GCL
008
140319s9999 xx 000 0 ara d
040
_a
GCL /
_c
GCL
082
0
4
_a
م
_b
922.1
_b
م ح
245
1
0
_a
حياة عمر بن عبدالعزيز, ط3
260
_a
[S.N] :
_b
دار الجيل ،
_c
1989
300
_a
495 ص
999
_c
59222
_d
59222